Movies Quiz

Random Movies Quiz

Movie Songs Quiz Stats

 Plays Quiz not verified by Sporcle

Challenge
Share
Tweet
Embed
Score 0/35 Timer 10:00
0 Plays Today
% Correct
Titanic
96.8%
Rocky III
95.8%
Dirty Dancing
95.8%
The Bodyguard
94.7%
8 Mile
93.7%
Saturday Night Fever
93.7%
The Breakfast Club
90.5%
The Graduate
89.5%
Armageddon
89.5%
Despicable Me 2
89.5%
Space Jam
85.3%
Robin Hood: Prince of Thieves
83.2%
Top Gun
82.1%
Ghost
81.1%
Flashdance
77.9%
Charlie's Angels
77.9%
Back to the Future
75.8%
Butch Cassidy and the Sundance Kid
75.8%
% Correct
Dangerous Minds
75.8%
Holiday Inn
75.8%
An Officer and a Gentleman
72.6%
Easy Rider
71.6%
Batman Forever
68.4%
Young Guns II
63.2%
The Spy Who Loved Me
62.1%
Donnie Darko
62.1%
Beverly Hills Cop
57.9%
National Lampoon's Vacation
57.9%
Four Wedding and a Funeral
54.7%
Mannequin
54.7%
Trainspotting
54.7%
Romeo + Juliet
51.6%
The Karate Kid
51.6%
The Jewel of the Nile
42.1%
Pretty Woman
40%

You're not logged in!

Compare scores with friends on all Sporcle quizzes.
Join for Free
OR
Log In

You Might Also Like...

Show Comments

Extras

Top Quizzes Today


Score Distribution

Your Account Isn't Verified!

In order to create a playlist on Sporcle, you need to verify the email address you used during registration. Go to your Sporcle Settings to finish the process.

Report this User

Report this user for behavior that violates our Community Guidelines.

Details: